Taylor Swift - Midnights - First lyrics quiz - Statistiques

Statistiques générales
  • Ce quiz a été pris 47 fois
  • Le résultat moyen est 17 sur 22
Statistiques - réponses
Lyrics Song % Correct
Summer went away, still, the yearning stays You're on your own, kid
95%
Draw the cat eye sharp enough to kill a man Vigilante shit
93%
I have this thing where I get older, but just never wiser Anti-hero
90%
Once upon a time, the planets and the fates Mastermind
90%
He wanted it comfortable, I wanted that pain Midnight rain
88%
Baby love, I think I've been a little too kind Bejeweled
85%
Staring at the ceiling with you Lavender haze
83%
If you would've blinked, then I would've Would've could've should've
83%
You're talking shit for the hell of it Karma
80%
You say, "I don't understand," and I say, "I know you don't" You're losing me
80%
My knuckles were bruised like violets The great war
78%
When the morning came Maroon
75%
"It only hurts this much right now" Labyrinth
73%
"Your ex-friend's sister Met someone at a club and he kissed her Paris
73%
No words appear before me in the aftermath Bigger than the whole sky
70%
Good girl, sad boy Question... ?
70%
One night, a few moons ago Snow on the beach
70%
I spy with my little tired eye Sweet nothing
68%
We were supposed to be just friends Glitch
65%
[title of the song], if it feels like a trap Dear reader
60%
I washed my hands of us at the club Hits different
60%
Lock broken, slur spoken High infidelity
58%
Aucun quiz correspondant
Distribution des résultats
% des personnes avec chaque résultat
Percentile par nombre de réponses
Votre historique - résultats
Vous n’avez pas pris ce quiz